| 000 | 00651nam a22001337a 4500 | ||
|---|---|---|---|
| 040 | _cRUA | ||
| 082 | _aAVM LIM 2013 B110 Or.1 | ||
| 100 | _aLIM, KIMSAY. | ||
| 245 | _aPrevalence of internal parasites on cows in boribor district kompong chhnang province, កម្រិតរាលដាលបរាសិតដែកមាននៅក្នុងក្រពះពោះវៀនគោ នៅស្រុកបរិបូណ៌ ខេត្តកំពង់ឆ្នាំង | ||
| 260 |
_aPhnom Penh _bRUA _c2013 |
||
| 300 | _aix; 38p. | ||
| 856 | _uhttps://drive.google.com/file/d/1uUryV1OsyyE2zL5KuzxGJ0_PXTL8xt-Y/view?usp=sharing | ||
| 942 | _cAVM | ||
| 999 |
_c2687 _d2687 |
||